Power of Positive Thinking (Record no. 2893)
[ view plain ]
| 000 -LEADER | |
|---|---|
| fixed length control field | 00315nam a2200133Ia 4500 |
| 008 - FIXED-LENGTH DATA ELEMENTS--GENERAL INFORMATION | |
| fixed length control field | 191201s1982 xx 000 0 und d |
| 082 ## - DEWEY DECIMAL CLASSIFICATION NUMBER | |
| Classification number | 158.1 |
| Item number | PEP |
| 100 ## - MAIN ENTRY--PERSONAL NAME | |
| Personal name | PEALE, Noman Vincent |
| 245 #0 - TITLE STATEMENT | |
| Title | Power of Positive Thinking |
| 260 ## - PUBLICATION, DISTRIBUTION, ETC. (IMPRINT) | |
| Place of publication, distribution, etc | New Delhi |
| Name of publisher, distributor, etc | IBD |
| Date of publication, distribution, etc | 1982 |
| 300 ## - PHYSICAL DESCRIPTION | |
| Extent | 210 |
| 650 ## - SUBJECT ADDED ENTRY--TOPICAL TERM | |
| Topical term or geographic name as entry element | MBA |
| 942 ## - ADDED ENTRY ELEMENTS (KOHA) | |
| Source of classification or shelving scheme | Dewey Decimal Classification |
| Koha item type | Text Books |
| Withdrawn status | Lost status | Source of classification or shelving scheme | Damaged status | Not for loan | Collection code | Home library | Current library | Date acquired | Source of acquisition | Cost, normal purchase price | Bill Number | Total Checkouts | Full call number | Acc. no. / Barcode | Date last seen | Bill Date | Koha item type | Checked out | Date last borrowed | Public note |
|---|---|---|---|---|---|---|---|---|---|---|---|---|---|---|---|---|---|---|---|---|
| Dewey Decimal Classification | GENERAL | PIET C-LIBRARY | PIET C-LIBRARY | 18/08/2007 | J B C, New Delhi | 125.00 | 706 | 158.1 PEP | 6520 | 04/12/2019 | 28/07/2007 | Text Books | ||||||||
| Dewey Decimal Classification | GENERAL | PIET C-LIBRARY | PIET C-LIBRARY | 18/08/2007 | J B C, New Delhi | 125.00 | 706 | 1 | 158.1 PEP | 6521 | 14/02/2022 | 28/07/2007 | Text Books | 15/08/2022 | 14/02/2022 | Motivational | ||||
| Dewey Decimal Classification | GENERAL | PIET C-LIBRARY | PIET C-LIBRARY | 18/08/2007 | J B C, New Delhi | 125.00 | 706 | 158.1 PEP | 6522 | 04/12/2019 | 28/07/2007 | Text Books | ||||||||
| Dewey Decimal Classification | GENERAL | PIET C-LIBRARY | PIET C-LIBRARY | 18/08/2007 | J B C, New Delhi | 125.00 | 706 | 158.1 PEP | 6523 | 04/12/2019 | 28/07/2007 | Text Books |